000 01231cad a22002055a 4500
001 L139489
008 070730s2007 xxk f f000 0 eng d
035 _a(Sirsi) u139489
041 0 _aeng
050 0 4 _a692.8 $2 18
110 1 _aUnited Kingdom
_bOffice of Government Commerce
_95119
245 0 0 _aGuide to best fair payment practices
_h[electronic resource]
260 _a[S.l.]
_bOGC
_c2007
520 _aTo overcome the problems caused by poor payment practices in the construction industry, this guide recommends best fair payment practices and principles for the public sector. The guide defines fair payment, explains why payment practices should change, outlines the characteristics of an exemplary fair payment process, sets out a model fair payment charter, and looks at the cost of implementation. The recommendations have been endorsed by the Public Sector Construction Clients' Forum.
590 _aKA
651 4 _aUnited Kingdom
_y
690 _aBUILT ENVIRONMENT-CONSTRUCTION MANAGEMENT-BUILDING CONTRACT ADMINISTRATION
856 4 0 _uhttps://www.eastmidlandsiep.gov.uk/uploads/Publications/Guide_to_best_Fair_Payment_Practices.pdf
_zView the guide free of charge at www.eastmidlandsiep.gov.uk .
942 _n0
999 _c107308
_d107308